| 000 | 01065nam a22001935i 4500 | ||
|---|---|---|---|
| 001 | 162676 | ||
| 003 | ES-MaACL | ||
| 005 | 20230906212558.0 | ||
| 008 | 020401s1873 sp |||| | spa d | ||
| 040 |
_aCAM _bspa _cCAM |
||
| 100 | 1 |
_aPuente y Brañas, Ricardo. _994166 |
|
| 245 | 1 | 1 |
_a¿Come el duque? _b: pasillo pasajero de puro pasatiempo que pasó, pasa y pasará siempre al paso que vamos / _clibro original de Ricardo Puente y Brañas ; música de Guillermo Cereceda. |
| 260 |
_aMadrid : _b[s.n.], _c1873 ( _fImprenta de José Rodriguez) |
||
| 300 |
_a30 p. ; _c20 cm. |
||
| 500 | _aEn port.: Estrenado en el Teatro de Jovellanos la noche del 10 de marzo de 1873. | ||
| 596 | _aEn verso de la port. consta: "... Los comisionados de la Galería Dramática y Lírica titulada el Teatro, de Alonso Gullon ..." | ||
| 700 | 1 |
_aCereceda, Guillermo ( _d1844-1919) _9126419 |
|
| 852 |
_aES-MaACL _jF-8581(10) _z-- Enc. pasta española _q-- Falto de la cub. original _z-- Enc. en un vol. facticio ormando parte de la col. facticia "Teatro español moderno", vol. 34 |
||
| 999 |
_c162676 _d162676 |
||